=LDR 00000nam 2200000 4500 =001 INLIS000000000053627 =005 20200622075450 =035 ##$$a 0010-1118000002 =007 ta =008 200622################g##########0#ind## =020 ##$$a 979-561-065-1 =082 ##$$a 2x3. 47 =084 ##$$a 2x3. 47 ASY i =100 #$$a Asy Sya'rawi, M. Mutawalli =245 1#$$a Isra' mi'raj mu'jizat terbesar /$c Prof. Dr. M. Mutawalli Asy Sya'rawi; Penerjemah: H. Salim Basyarahil =250 ##$$a Cet. 5 =260 ##$$a Jakarta :$b Gema Insani,$c 1995 =300 ##$$a 109 hlm ; $c 18 x 12 cm =650 #4$$a Isra' dan Mi'raj =990 ##$$a 94.661/pro.96